| Tag |
First Indicator |
Second Indicator |
Subfields |
| LEADER |
00000cam a2200000Ia 4500 |
| 001 |
in00002474875 |
| 005 |
20210727085321.0 |
| 006 |
m d |
| 007 |
cr cn||||||||| |
| 008 |
081017s2006 gw a sb 101 0 eng d |
| 020 |
|
|
|a 354034201X
|
| 020 |
|
|
|a 9783540342014
|
| 029 |
1 |
|
|a AU@
|b 000042372519
|
| 035 |
|
|
|a (OCoLC)262693095
|
| 035 |
|
|
|a (OCoLC)ocn262693095
|
| 035 |
|
|
|a 3073135
|
| 037 |
|
|
|a 978-3-540-34199-4
|b Springer
|n http://www.springerlink.com
|
| 040 |
|
|
|a GW5XE
|b eng
|c GW5XE
|d UtOrBLW
|
| 049 |
|
|
|a TEFA
|
| 050 |
1 |
4 |
|a QA76.751
|b .S69 2006eb
|
| 072 |
|
7 |
|a Q
|2 lcco
|
| 082 |
0 |
4 |
|a 005.1
|2 22
|
| 111 |
2 |
|
|a SPW/ProSim 2006
|d (2006 :
|c Shanghai, China)
|0 http://id.loc.gov/authorities/names/no2006059905
|
| 245 |
1 |
0 |
|a Software process change :
|b International Software Process Workshop and International Workshop on Software Process Simulation and Modeling, SPW/ProSim 2006, Shanghai, China, May 20-21, 2006 : proceedings /
|c Qing Wang [and others] (eds.).
|
| 246 |
3 |
0 |
|a International Software Process Workshop
|
| 246 |
3 |
0 |
|a International Workshop on Software Process Simulation and Modeling
|
| 246 |
3 |
0 |
|a SPW/ProSim 2006
|
| 264 |
|
1 |
|a Berlin ;
|a New York :
|b Springer,
|c 2006.
|
| 300 |
|
|
|a xiv, 356 pages :
|b illustrations ;
|c 24 cm.
|
| 336 |
|
|
|a text
|b txt
|2 rdacontent
|
| 337 |
|
|
|a computer
|b c
|2 rdamedia
|
| 338 |
|
|
|a online resource
|b cr
|2 rdacarrier
|
| 490 |
1 |
|
|a Lecture notes in computer science,
|x 0302-9743 ;
|v 3966
|
| 500 |
|
|
|a "First joint conference of the Software Process Workshop and the International Workshop on Software Process Simulation and Modeling (SPW/ProSim 2006)"--Pref.
|
| 500 |
|
|
|a Electronic resource.
|
| 504 |
|
|
|a Includes bibliographical references and index.
|
| 533 |
|
|
|a Electronic reproduction.
|b New York :
|c Springer,
|d 2008.
|n Mode of access: World Wide Web.
|n System requirements: Web browser.
|n Title from title screen (viewed on Oct. 10, 2008).
|n Access may be restricted to users at subscribing institutions.
|
| 650 |
|
0 |
|a Computer software
|v Congresses.
|0 http://id.loc.gov/authorities/subjects/sh2008101469
|
| 650 |
|
0 |
|a Computer software
|x Development
|v Congresses.
|0 http://id.loc.gov/authorities/subjects/sh2008101470
|
| 650 |
|
6 |
|a Logiciels
|v Congrès.
|
| 650 |
|
6 |
|a Logiciels
|x Développement
|v Congrès.
|
| 655 |
|
7 |
|a Electronic books.
|2 local
|
| 700 |
1 |
|
|a Wang, Qing,
|d 1964 January 29-
|0 http://id.loc.gov/authorities/names/no2006088052
|
| 710 |
2 |
|
|a SpringerLink (Online service)
|0 http://id.loc.gov/authorities/names/no2005046756
|
| 711 |
2 |
|
|a International Software Process Workshop
|d (2006 :
|c Shanghai, China)
|
| 711 |
2 |
|
|a International Workshop on Software Process Simulation and Modeling.
|0 http://id.loc.gov/authorities/names/no2006060269
|
| 776 |
1 |
|
|c Original
|z 3540341994
|z 9783540341994
|w (DLC) 2006925301
|w (OCoLC)68805174
|
| 830 |
|
0 |
|a Lecture notes in computer science.
|x 0302-9743 ;
|v 3966.
|0 http://id.loc.gov/authorities/names/n42015162
|
| 856 |
4 |
0 |
|u http://proxy.library.tamu.edu/login?url=https://dx.doi.org/10.1007/11754305
|z Connect to the full text of this electronic book
|t 0
|
| 994 |
|
|
|a C0
|b TEF
|
| 999 |
|
|
|a MARS
|
| 999 |
f |
f |
|s 2268348c-a56a-3401-b90e-5958ba1f3e55
|i fdf49a44-a573-3cdd-9599-d250379d30a8
|t 0
|
| 952 |
f |
f |
|a Texas A&M University
|b College Station
|c Electronic Resources
|d Available Online
|t 0
|e QA76.751 .S69 2006eb
|h Library of Congress classification
|
| 998 |
f |
f |
|a QA76.751 .S69 2006eb
|t 0
|l Available Online
|